[Event "Moscow Open A 2015"]
[Site "Moscow RUS"]
[Date "2015.02.02"]
[Round "3.15"]
[White "Firat, Burak"]
[Black "Sharafiev, Azat"]
[Result "1/2-1/2"]
[WhiteTitle "IM"]
[BlackTitle "IM"]
[WhiteElo "2486"]
[BlackElo "2395"]
[WhiteFideId "6305881"]
[BlackFideId "4186214"]
[EventDate "2015.01.31"]

1. e4 e5 2. Nf3 Nc6 3. Bb5 Nf6 4. d3 Bc5 5. Bxc6 dxc6 6. Nc3 O-O 7. Bg5 Re8 8.
Qd2 Bb4 9. h3 Qd6 10. a3 Ba5 11. O-O h6 12. Be3 c5 13. b4 cxb4 14. Nb5 Qe7 15.
Rfb1 a6 16. axb4 axb5 17. bxa5 c6 18. Qb4 Qxb4 19. Rxb4 Nd7 20. c4 bxc4 21. Rxc4
f6 22. Bd2 Nf8 23. Rb1 Ne6 24. d4 exd4 25. Nxd4 Nxd4 26. Rxd4 Kf7 27. f4 Re7 28.
f5 Ke8 29. Rb3 Ra7 30. Rg3 c5 31. Rc4 Bd7 32. Rxc5 Bc6 33. e5 fxe5 34. Bc3 Kf8
35. Bxe5 Rf7 36. f6 gxf6 37. Bf4 Rh7 38. Rg6 Kf7 39. Rxh6 Rxh6 40. Bxh6 Ra8 41.
Bf4 Kg6 42. g4 Rd8 43. Kf2 Rd5 44. Rxd5 Bxd5 45. h4 Bb3 46. Kg3 Bd1 47. Be3 f5
48. g5 Be2 49. Kf4 Bd1 50. Kg3 Be2 51. Kf4 Bd1 52. Kg3 1/2-1/2

[Event "Moscow Open A 2015"]
[Site "Moscow RUS"]
[Date "2015.02.02"]
[Round "3.16"]
[White "Palachev, Petr"]
[Black "Vallejo Pons, Francisco"]
[Result "0-1"]
[WhiteTitle "FM"]
[BlackTitle "GM"]
[WhiteElo "2300"]
[BlackElo "2706"]
[WhiteFideId "24129003"]
[BlackFideId "2205530"]
[EventDate "2015.01.31"]

1. d4 Nf6 2. c4 b6 3. Nf3 Bb7 4. Nc3 e6 5. Bg5 Bb4 6. e3 h6 7. Bh4 g5 8. Bg3 Ne4
9. Qc2 f5 10. Bd3 O-O 11. a3 Bxc3+ 12. bxc3 d6 13. O-O Qf6 14. Rab1 Nd7 15. c5
Ndxc5 16. dxc5 Nxc5 17. Nd2 f4 18. exf4 gxf4 19. Ne4 Bxe4 20. Bxe4 Rad8 21. Bf3
a5 22. Rbd1 Rd7 23. Bxf4 Qxf4 24. Rd4 Qf6 25. Bc6 Rg7 26. g3 e5 27. Bd5+ Kh8 28.
Rdd1 Qg6 29. Qxg6 Rxg6 30. f3 Kg7 31. Kf2 Rgf6 32. Ke3 Re8 33. Rd2 Kf8 34. Bc6
Re7 35. Rfd1 Ne6 36. Rg2 Rg7 37. Rf2 h5 38. Rff1 h4 39. Rg1 Rh6 40. Rd2 Rhg6 41.
Be4 Rg5 42. g4 Ke7 43. Rgd1 Rf7 44. Bf5 Ng7 45. f4 Nxf5+ 0-1

[Event "Moscow Open A 2015"]
[Site "Moscow RUS"]
[Date "2015.02.02"]
[Round "3.17"]
[White "Makhmutov, Rail"]
[Black "Lysyj, Igor"]
[Result "1/2-1/2"]
[WhiteTitle "FM"]
[BlackTitle "GM"]
[WhiteElo "2428"]
[BlackElo "2700"]
[WhiteFideId "4122151"]
[BlackFideId "4150120"]
[EventDate "2015.01.31"]

1. d4 e6 2. c4 d5 3. Nc3 c6 4. e3 Nf6 5. Nf3 Nbd7 6. Bd3 Bd6 7. e4 dxe4 8. Nxe4
Nxe4 9. Bxe4 e5 10. O-O exd4 11. Qxd4 Qf6 12. Rd1 1/2-1/2

[Event "Moscow Open A 2015"]
[Site "Moscow RUS"]
[Date "2015.02.02"]
[Round "3.18"]
[White "Sjugirov, Sanan"]
[Black "Asgarizadeh, Ahmad"]
[Result "1-0"]
[WhiteTitle "GM"]
[WhiteElo "2678"]
[BlackElo "2424"]
[WhiteFideId "4189302"]
[BlackFideId "12505684"]
[EventDate "2015.01.31"]

1. Nf3 d5 2. c4 dxc4 3. e3 Bg4 4. Bxc4 e6 5. Qb3 Bxf3 6. gxf3 Qc8 7. f4 c6 8. d4
Ne7 9. e4 g6 10. Nc3 Bg7 11. Be3 b5 12. Bd3 Nd7 13. f5 exf5 14. exf5 O-O 15.
fxg6 hxg6 16. O-O-O a5 17. h4 a4 18. Qc2 Nf6 19. Kb1 a3 20. b3 Ned5 21. Nxd5
cxd5 22. Bxb5 Ne4 23. Rc1 Qf5 24. Bd3 Rfc8 25. Qe2 Rc3 26. Ka1 Rac8 27. Rxc3
Rxc3 28. Rd1 Qe6 29. h5 Nc5 30. Bc2 Qc6 31. Kb1 Na6 32. hxg6 fxg6 33. Rg1 Nb4
34. Bxg6 Rxb3+ 35. axb3 Qc3 36. Rc1 1-0

[Event "Moscow Open A 2015"]
[Site "Moscow RUS"]
[Date "2015.02.02"]
[Round "3.19"]
[White "Khismatullin, Denis"]
[Black "Duzhakov, Ilya"]
[Result "1-0"]
[WhiteTitle "GM"]
[BlackTitle "FM"]
[WhiteElo "2673"]
[BlackElo "2420"]
[WhiteFideId "4142578"]
[BlackFideId "4192516"]
[EventDate "2015.01.31"]

1. Nf3 Nf6 2. g3 d5 3. Bg2 g6 4. c4 Bg7 5. O-O O-O 6. cxd5 Nxd5 7. d4 Nc6 8. Nc3
Nb6 9. d5 Na5 10. e4 c6 11. Bf4 cxd5 12. exd5 Nac4 13. Qe2 Bf5 14. Rac1 Rc8 15.
Nh4 Bd7 16. b3 Nd6 17. Be5 Bh6 18. Rcd1 Re8 19. Rfe1 Nf5 20. Nxf5 Bxf5 21. g4
Nd7 22. Bd4 e5 23. dxe6 Rxe6 24. Qf3 Bc2 25. Ra1 Nb6 26. Nb5 Rcc6 27. Bb2 Qd2
28. Bc3 Qd7 29. Nd4 Bd2 30. Bxd2 Qxd4 31. Bh6 Nd7 32. Qg3 Rcd6 33. h3 Ne5 34.
Rac1 Qb2 35. Rxc2 Nf3+ 36. Bxf3 Rxe1+ 37. Kg2 Qxc2 38. Qxd6 1-0

[Event "Moscow Open A 2015"]
[Site "Moscow RUS"]
[Date "2015.02.02"]
[Round "3.20"]
[White "Artemiev, Vladislav"]
[Black "Sychev, Klementy"]
[Result "1-0"]
[WhiteTitle "GM"]
[BlackTitle "IM"]
[WhiteElo "2659"]
[BlackElo "2414"]
[WhiteFideId "24101605"]
[BlackFideId "4114060"]
[EventDate "2015.01.31"]

1. e4 e5 2. Bc4 Nf6 3. d3 c6 4. Nf3 d5 5. Bb3 Bb4+ 6. c3 Bd6 7. O-O O-O 8. Re1
Nbd7 9. Nbd2 Qc7 10. Nf1 Re8 11. Ng3 Bf8 12. Be3 b6 13. d4 exd4 14. Bxd4 Bb7 15.
e5 Ng4 16. e6 Rxe6 17. Rxe6 fxe6 18. Ng5 Ngf6 19. Nxe6 Qd6 20. Nxf8 Rxf8 21. f3
Re8 22. Qd2 Qe6 23. Bc2 Ne5 24. Nf5 h6 25. Qf4 Ba6 26. Rd1 Nf7 27. h4 c5 28. Bf2
Qe2 29. Qc1 Qe6 30. Qf4 Qe2 31. Qc1 Qe6 32. b4 cxb4 33. cxb4 Qd7 34. Bd4 Qd8 35.
Qf4 Bc4 36. Qg3 g5 37. Nxh6+ Nxh6 38. Qxg5+ 1-0

[Event "Moscow Open A 2015"]
[Site "Moscow RUS"]
[Date "2015.02.02"]
[Round "3.21"]
[White "Usmanov, Vasily"]
[Black "Kokarev, Dmitry"]
[Result "1/2-1/2"]
[WhiteTitle "IM"]
[BlackTitle "GM"]
[WhiteElo "2414"]
[BlackElo "2645"]
[WhiteFideId "4135741"]
[BlackFideId "4132181"]
[EventDate "2015.01.31"]

1. Nf3 g6 2. e4 c5 3. c4 Bg7 4. d4 d6 5. Nc3 Bg4 6. d5 Bxc3+ 7. bxc3 Qa5 8. Qb3
Bxf3 9. gxf3 Nd7 10. Rb1 Ngf6 11. Bh6 Rg8 12. Bd2 Nb6 13. Qb5+ Qxb5 14. cxb5 e5
15. dxe6 fxe6 16. Bd3 Ke7 17. Ke2 Raf8 18. Rhg1 Nh5 19. Rg4 e5 20. Bg5+ Kd7 21.
Rh4 Rf7 22. a4 Nxa4 23. Ra1 Nb6 24. Rxa7 Kc7 25. Ra1 Rgf8 26. Bh6 Re8 27. Be3
Rff8 28. Rg4 Ra8 29. Rxa8 Rxa8 30. f4 Ra2+ 31. Ke1 exf4 32. Bxf4 Nd7 33. Rh4
Nxf4 34. Rxf4 Kd8 35. Rh4 Nf6 1/2-1/2

[Event "Moscow Open A 2015"]
[Site "Moscow RUS"]
[Date "2015.02.02"]
[Round "3.22"]
[White "Mamedov, Rauf"]
[Black "Nozdrachev, Leonid"]
[Result "1-0"]
[WhiteTitle "GM"]
[BlackTitle "FM"]
[WhiteElo "2642"]
[BlackElo "2413"]
[WhiteFideId "13401653"]
[BlackFideId "24113433"]
[EventDate "2015.01.31"]

1. e4 e5 2. Bc4 Nf6 3. d3 Nc6 4. Nf3 Bc5 5. O-O O-O 6. c3 d6 7. Bb3 a6 8. Re1
Re8 9. h3 h6 10. Nbd2 Be6 11. Nf1 Qd7 12. N3h2 d5 13. Qf3 Kh7 14. g4 Be7 15. Ng3
g6 16. g5 hxg5 17. Bxg5 dxe4 18. dxe4 Ng4 19. Rad1 Nxh2 20. Kxh2 Nd4 21. cxd4
Bxg5 22. dxe5 Qe7 23. Bd5 Rh8 24. Rg1 Rad8 25. Nf5 Bxf5 26. exf5 Qxe5+ 27. Kh1
f6 28. fxg6+ Kxg6 29. Bxb7 Qe6 30. Be4+ Kg7 31. Bf5 Qxa2 32. Qc3 Rxd1 33. Rxd1
Rf8 34. h4 Qa4 35. Rd7+ Rf7 36. Rxf7+ Kxf7 37. Qxc7+ Kf8 38. hxg5 Qh4+ 39. Qh2
Qxg5 40. Qb8+ 1-0

[Event "Moscow Open A 2015"]
[Site "Moscow RUS"]
[Date "2015.02.02"]
[Round "3.23"]
[White "Naumkin, Igor"]
[Black "Khairullin, Ildar"]
[Result "1/2-1/2"]
[WhiteTitle "GM"]
[BlackTitle "GM"]
[WhiteElo "2408"]
[BlackElo "2629"]
[WhiteFideId "4101715"]
[BlackFideId "4151348"]
[EventDate "2015.01.31"]

1. d4 f5 2. Nf3 Nf6 3. g3 g6 4. Bg2 Bg7 5. O-O O-O 6. c4 d6 7. Nc3 c6 8. d5 e5
9. dxe6 Bxe6 10. Qd3 Qe7 11. Ng5 Nbd7 12. b3 Nc5 13. Qc2 Bd7 14. Bb2 Ng4 15. Nf3
Rad8 16. Rad1 Be8 17. h3 Nf6 18. e3 h6 19. Nd4 Bf7 20. Ba3 Qc7 21. Rd2 Rfe8 22.
Rfd1 Qa5 23. Qc1 Qc7 24. Qc2 Qa5 1/2-1/2

[Event "Moscow Open A 2015"]
[Site "Moscow RUS"]
[Date "2015.02.02"]
[Round "3.24"]
[White "Sadykov, Ramil"]
[Black "Goganov, Aleksey"]
[Result "0-1"]
[WhiteTitle "FM"]
[BlackTitle "GM"]
[WhiteElo "2403"]
[BlackElo "2615"]
[WhiteFideId "24113590"]
[BlackFideId "24109959"]
[EventDate "2015.01.31"]

1. e4 c5 2. Nf3 e6 3. d4 cxd4 4. Nxd4 Nc6 5. Nc3 Qc7 6. Be3 a6 7. Qf3 Ne5 8. Qg3
h5 9. Bf4 d6 10. Bg5 b5 11. f4 Nc4 12. O-O-O Bb7 13. Bxc4 Qxc4 14. a3 Rc8 15.
Rhe1 b4 16. axb4 Qxb4 17. e5 dxe5 18. Nxe6 fxe6 19. Rxe5 Be7 20. f5 Qg4 0-1

[Event "Moscow Open A 2015"]
[Site "Moscow RUS"]
[Date "2015.02.02"]
[Round "3.25"]
[White "Savchenko, Boris"]
[Black "Kezin, Roman"]
[Result "1-0"]
[WhiteTitle "GM"]
[BlackTitle "FM"]
[WhiteElo "2599"]
[BlackElo "2408"]
[WhiteFideId "4147332"]
[BlackFideId "24124621"]
[EventDate "2015.01.31"]

1. e4 c5 2. Nf3 e6 3. c3 d5 4. e5 d4 5. Bd3 Nc6 6. Na3 Nge7 7. Be4 Ng6 8. Bxc6+
bxc6 9. d3 dxc3 10. bxc3 c4 11. Nxc4 Ba6 12. Nb2 Qa5 13. O-O Nxe5 14. Nxe5 Qxe5
15. Qf3 Rc8 16. c4 Bd6 17. g3 O-O 18. Rb1 Qa5 19. Be3 c5 20. Qe2 Rb8 21. Qc2 Be5
22. Na4 Bd4 23. Bxd4 cxd4 24. a3 h6 25. Rfc1 Qf5 26. f4 Rfc8 27. Rb4 Rxb4 28.
axb4 Bb7 29. Nc5 Bc6 30. Re1 a5 31. Re5 Qg4 32. b5 f6 33. Re1 Ba8 34. Ne4 f5 35.
Nd2 Qh3 36. Nb3 Kf7 37. Nxd4 Rd8 38. Nc6 Bxc6 39. bxc6 Qg4 40. Qb1 1-0

[Event "Moscow Open A 2015"]
[Site "Moscow RUS"]
[Date "2015.02.02"]
[Round "3.26"]
[White "Kozionov, Kirill"]
[Black "Kazhgaleyev, Murtas"]
[Result "1-0"]
[WhiteTitle "IM"]
[BlackTitle "GM"]
[WhiteElo "2391"]
[BlackElo "2573"]
[WhiteFideId "24101729"]
[BlackFideId "13700316"]
[EventDate "2015.01.31"]

1. e4 e6 2. d4 d5 3. Nc3 Nf6 4. Bg5 Bb4 5. exd5 Qxd5 6. Bxf6 Bxc3+ 7. bxc3 gxf6
8. Qf3 Qxf3 9. Nxf3 b6 10. Nd2 Bb7 11. f3 Nd7 12. Bd3 Ke7 13. Kf2 Rad8 14. Rhb1
f5 15. Rb3 1-0

[Event "Moscow Open A 2015"]
[Site "Moscow RUS"]
[Date "2015.02.02"]
[Round "3.27"]
[White "Gabrielian, Artur"]
[Black "Schroeder, Jan-Christian"]
[Result "1-0"]
[WhiteTitle "GM"]
[BlackTitle "FM"]
[WhiteElo "2554"]
[BlackElo "2405"]
[WhiteFideId "4131002"]
[BlackFideId "24662259"]
[EventDate "2015.01.31"]

1. e4 e5 2. f4 d5 3. exd5 exf4 4. Nf3 Nf6 5. Bc4 Nxd5 6. O-O Be6 7. Bb3 c5 8. d4
cxd4 9. Nxd4 Bc5 10. Kh1 Bxd4 11. Qxd4 O-O 12. Bxf4 Nc6 13. Qf2 Nxf4 14. Qxf4
Nd4 15. Nc3 1-0

[Event "Moscow Open A 2015"]
[Site "Moscow RUS"]
[Date "2015.02.02"]
[Round "3.28"]
[White "Ibragimov, Ildar"]
[Black "Tologontegin, Semetey"]
[Result "1-0"]
[WhiteTitle "GM"]
[BlackTitle "FM"]
[WhiteElo "2548"]
[BlackElo "2404"]
[WhiteFideId "4102878"]
[BlackFideId "13800574"]
[EventDate "2015.01.31"]

1. d4 Nf6 2. c4 e6 3. Nf3 Bb4+ 4. Nbd2 O-O 5. a3 Be7 6. e4 d6 7. Bd3 c5 8. d5
exd5 9. cxd5 Bg4 10. h3 Bh5 11. O-O Nbd7 12. Qc2 Rc8 13. b3 Re8 14. Bb2 Bf8 15.
a4 a6 16. a5 Bg6 17. Rfe1 h6 18. Nc4 Nh5 19. g3 Nhf6 20. Nfd2 Nh5 21. Nf1 Qg5
22. Kh2 Ne5 23. Bxe5 dxe5 24. Nfe3 Qd8 25. Rad1 Nf6 26. f3 Bd6 27. Bf1 Qc7 28.
h4 Red8 29. Bh3 Rb8 30. Qc3 Ne8 31. Rc1 f6 32. Nxd6 Nxd6 33. b4 c4 34. Nxc4 Nb5
35. Qe3 Nd4 36. Nxe5 Qxe5 37. f4 Qxe4 38. Qxe4 Bxe4 39. Rxe4 Rxd5 40. Rc8+ Rxc8
41. Bxc8 f5 42. Re7 Kf8 43. Rxb7 Nc6 44. Rb6 Rd2+ 45. Kh3 Nd4 46. Rd6 Ke7 47.
Rd7+ Kf6 48. h5 g5 49. hxg6 Kxg6 50. Bxa6 h5 1-0

[Event "Moscow Open A 2015"]
[Site "Moscow RUS"]
[Date "2015.02.02"]
[Round "3.29"]
[White "Megaranto, Susanto"]
[Black "Tsydypov, Zhamsaran"]
[Result "1/2-1/2"]
[WhiteTitle "GM"]
[BlackTitle "FM"]
[WhiteElo "2548"]
[BlackElo "2398"]
[WhiteFideId "7101384"]
[BlackFideId "4108566"]
[EventDate "2015.01.31"]

1. e4 c6 2. d4 d5 3. Nc3 dxe4 4. Nxe4 Bf5 5. Ng3 Bg6 6. Bc4 e6 7. N1e2 Nf6 8. c3
Bd6 9. h4 h6 10. Nf4 Bh7 11. Ngh5 Bxf4 1/2-1/2

[Event "Moscow Open A 2015"]
[Site "Moscow RUS"]
[Date "2015.02.02"]
[Round "3.30"]
[White "Sorokin, Aleksey"]
[Black "Pridorozhni, Aleksei"]
[Result "0-1"]
[WhiteTitle "FM"]
[BlackTitle "GM"]
[WhiteElo "2379"]
[BlackElo "2545"]
[WhiteFideId "24176460"]
[BlackFideId "4127870"]
[EventDate "2015.01.31"]

1. d4 e6 2. c4 f5 3. Nf3 Nf6 4. g3 b6 5. Bg2 Bb7 6. O-O Be7 7. Nc3 Ne4 8. d5
Nxc3 9. bxc3 O-O 10. Qc2 Na6 11. Nd4 Nc5 12. Ba3 Ne4 13. Bxe7 Qxe7 14. Rad1 Rae8
15. Nb3 Qf6 16. Rd4 d6 17. Nd2 Nxd2 18. Rxd2 e5 19. f4 exf4 20. Rxf4 Re3 21. Rd3
Qe5 22. Rxe3 Qxe3+ 23. Kh1 Bc8 24. Rf3 Qe5 25. e4 f4 26. gxf4 Rxf4 27. Rxf4 Qxf4 0-1

[Event "Moscow Open A 2015"]
[Site "Moscow RUS"]
[Date "2015.02.02"]
[Round "3.31"]
[White "Eliseev, Urii"]
[Black "Khanin, Semen"]
[Result "1-0"]
[WhiteTitle "GM"]
[WhiteElo "2518"]
[BlackElo "2387"]
[WhiteFideId "24131920"]
[BlackFideId "4111990"]
[EventDate "2015.01.31"]

1. e4 e5 2. Nf3 Nc6 3. Bb5 Nf6 4. d3 Bc5 5. O-O d6 6. h3 O-O 7. Bxc6 bxc6 8. Re1
Re8 9. Nbd2 Nh5 10. Nc4 Qf6 11. c3 Nf4 12. b4 Bb6 13. a4 Nxh3+ 14. gxh3 Qg6+ 15.
Ng5 f6 16. a5 Bxf2+ 17. Kxf2 fxg5 18. Kg2 g4 19. h4 Rf8 20. h5 Qxh5 21. Rh1 Qg6
22. Be3 Rf3 23. Qe2 Be6 24. Nd2 a6 25. Raf1 Raf8 26. Qe1 h5 27. Rfg1 Qf7 28. Rh4
g5 29. Bxg5 Rxd3 30. Bh6 Qf6 31. Bxf8 Qf4 32. Nf1 Qf3+ 33. Kh2 Qf4+ 34. Ng3 Re3
35. Qd2 Bc4 36. Rg2 Bf1 37. Qxe3 Qxe3 38. Nxf1 Qg5 1-0

[Event "Moscow Open A 2015"]
[Site "Moscow RUS"]
[Date "2015.02.02"]
[Round "3.32"]
[White "Mirzoev, Emil"]
[Black "Matsenko, Sergei"]
[Result "0-1"]
[BlackTitle "IM"]
[WhiteElo "2362"]
[BlackElo "2489"]
[WhiteFideId "14108640"]
[BlackFideId "4170083"]
[EventDate "2015.01.31"]

1. e4 e6 2. d3 d5 3. Qe2 Nc6 4. Nf3 e5 5. g3 dxe4 6. dxe4 Nf6 7. Bg2 Bc5 8. O-O
O-O 9. c3 a5 10. Nh4 Bg4 11. Bf3 Bh3 12. Bg2 Qd7 13. Bg5 Bxg2 14. Kxg2 Qg4 15.
Qxg4 Nxg4 16. h3 h6 17. hxg4 hxg5 18. Nf3 f6 19. a4 Rfd8 20. Nbd2 Rd3 21. Rfd1
Rad8 22. Kf1 Kf7 23. Ke2 b6 24. Rab1 R3d7 25. Rh1 Bd6 26. Nc4 Nb8 27. Nfd2 Na6
28. Nb3 Bf8 29. Ne3 Nc5 30. Nxc5 Rd2+ 31. Kf3 Bxc5 32. Rhe1 Bxe3 33. fxe3 Rc2
34. Re2 Rdd2 35. Rxd2 Rxd2 36. b4 axb4 37. cxb4 Ra2 38. Rc1 Rxa4 39. Rxc7+ Kg6
40. Rc4 b5 41. Rc7 Rxb4 42. Rb7 Rb1 43. Kf2 b4 44. Kf3 b3 45. Kf2 0-1

[Event "Moscow Open A 2015"]
[Site "Moscow RUS"]
[Date "2015.02.02"]
[Round "3.34"]
[White "Matinian, Nikita"]
[Black "Vdovin, Vadim"]
[Result "1/2-1/2"]
[WhiteTitle "IM"]
[BlackTitle "FM"]
[WhiteElo "2475"]
[BlackElo "2377"]
[WhiteFideId "24129100"]
[BlackFideId "24107158"]
[EventDate "2015.01.31"]

1. e4 e5 2. Nf3 Nc6 3. Bb5 a6 4. Ba4 Nf6 5. d3 d6 6. c4 g6 7. Nc3 Bg7 8. h3 O-O
9. Be3 Nd7 10. O-O Nd4 11. Bxd7 Nxf3+ 12. Qxf3 Bxd7 13. Qg3 h6 14. Rad1 Be6 15.
Nd5 c6 16. Bb6 Qd7 17. Nc7 Rac8 18. Nxe6 Qxe6 19. b3 c5 20. Ba5 b5 21. Bd2 g5
22. a4 b4 23. Qg4 Qxg4 24. hxg4 f6 25. g3 Kf7 26. Kg2 a5 27. f4 Ke6 28. Rf2 Rf7
29. Rdf1 Rcf8 30. Be3 Ke7 31. Rh1 Ke6 32. fxe5 fxe5 33. Rf5 Ke7 34. Rhf1 Ke6 35.
Rh1 Ke7 36. Rhf1 Ke6 1/2-1/2

[Event "Moscow Open A 2015"]
[Site "Moscow RUS"]
[Date "2015.02.02"]
[Round "3.35"]
[White "Zude, Erik"]
[Black "Potapov, Pavel"]
[Result "1/2-1/2"]
[WhiteTitle "IM"]
[BlackTitle "IM"]
[WhiteElo "2378"]
[BlackElo "2474"]
[WhiteFideId "4604644"]
[BlackFideId "4169786"]
[EventDate "2015.01.31"]

1. e4 c5 2. Nf3 Nc6 3. d4 cxd4 4. Nxd4 e5 5. Nb5 d6 6. N1c3 a6 7. Na3 Be7 8. Nd5
Nf6 9. Nxf6+ Bxf6 10. Nc4 Be7 11. c3 Be6 12. Be2 O-O 13. Ne3 Bg5 14. Nd5 h6 15.
O-O Rb8 16. Be3 Ne7 17. Bxg5 hxg5 18. Bc4 Bxd5 19. Bxd5 g6 20. Bb3 Kg7 21. Qd2
Nc8 22. g3 Qe7 23. Rae1 Na7 24. Rd1 Rbd8 25. Qe2 Nb5 26. Rd2 Nc7 27. Rfd1 Ne8
28. Rd3 Rh8 29. a4 Nf6 30. f3 Qc7 31. Qf2 Rh3 32. Qe3 Rdh8 33. R1d2 Qc5 34. Qxc5
dxc5 35. Rd7 Nxd7 36. Rxd7 Rxh2 37. Rxf7+ Kg8 38. Rf6+ Kg7 39. Rf7+ Kg8 40. Rf6+
Kg7 41. Rf7+ 1/2-1/2

[Event "Moscow Open A 2015"]
[Site "Moscow RUS"]
[Date "2015.02.02"]
[Round "3.36"]
[White "Zaitsev, Alexander"]
[Black "Gorozhanin, Mikhail"]
[Result "1-0"]
[WhiteTitle "IM"]
[BlackTitle "FM"]
[WhiteElo "2472"]
[BlackElo "2370"]
[WhiteFideId "4164490"]
[BlackFideId "4178262"]
[EventDate "2015.01.31"]

1. e4 e6 2. d4 d5 3. Nc3 Bb4 4. e5 c5 5. Bd2 Ne7 6. a3 Bxc3 7. Bxc3 b6 8. b4 O-O
9. Nf3 Qe8 10. Bd3 h6 11. a4 cxb4 12. Bxb4 Ba6 13. Bb5 Bxb5 14. axb5 Qd7 15. Qd3
Rc8 16. Nd2 a5 17. Ba3 Ra7 18. Rc1 Ng6 19. g3 Ne7 20. O-O Nf5 21. g4 Nh4 22. f4
Qd8 23. Bd6 h5 24. h3 hxg4 25. hxg4 f5 26. c4 dxc4 27. Rxc4 Nd7 28. Rfc1 Rca8
29. Nf3 fxg4 30. Ng5 Nf3+ 31. Nxf3 gxf3 32. Qxf3 a4 33. d5 Qe8 34. f5 exf5 35.
Qxf5 a3 36. Rh4 Nf6 37. exf6 Qe3+ 38. Kg2 Qd2+ 39. Kf3 Qxc1 40. Qh7+ 1-0

[Event "Moscow Open A 2015"]
[Site "Moscow RUS"]
[Date "2015.02.02"]
[Round "3.37"]
[White "Kazakovskiy, Valeriy"]
[Black "Airapetian, Gor"]
[Result "1/2-1/2"]
[BlackTitle "IM"]
[WhiteElo "2354"]
[BlackElo "2470"]
[WhiteFideId "13507443"]
[BlackFideId "4177916"]
[EventDate "2015.01.31"]

1. e4 c6 2. d4 d5 3. Nd2 dxe4 4. Nxe4 Bf5 5. Ng3 Bg6 6. h4 h6 7. Nf3 Nd7 8. h5
Bh7 9. Bd3 Bxd3 10. Qxd3 e6 11. Bf4 Qa5+ 12. Bd2 Bb4 13. c3 Be7 14. c4 Qc7 15.
O-O-O Ngf6 16. Ne4 Rd8 17. Nxf6+ Nxf6 18. Qe2 c5 19. dxc5 Qxc5 20. Ne5 O-O 21.
Bc3 b5 22. Rxd8 Rxd8 23. a3 Qc7 24. cxb5 Nd5 25. Kc2 Nxc3 26. bxc3 Bxa3 27. Nc6
Rd7 28. Rh4 Bc5 29. Ra4 Qd6 30. Ne5 Rc7 31. Nc6 Rd7 32. Ne5 Rc7 33. f3 Bb6 34.
Nc6 Qc5 35. Rd4 Qf5+ 36. Rd3 Rd7 37. Qe4 Qxe4 38. fxe4 Rc7 39. Kb3 f5 40. exf5
exf5 41. Rf3 Rf7 42. Rxf5 Rxf5 43. Ne7+ Kf7 44. Nxf5 Kf6 45. g4 Kg5 46. Nxg7
Kxg4 47. Kc4 Bd8 48. Kd3 Bf6 49. Ne8 Bd8 50. Ke4 Kxh5 51. Ng7+ Kg6 52. Ne6 Ba5
53. c4 h5 54. Nf4+ Kg5 55. Nxh5 1/2-1/2

[Event "Moscow Open A 2015"]
[Site "Moscow RUS"]
[Date "2015.02.02"]
[Round "3.38"]
[White "Sanzhaev, Darsen"]
[Black "Yilmazyerli, Mert"]
[Result "1-0"]
[WhiteTitle "FM"]
[BlackTitle "IM"]
[WhiteElo "2357"]
[BlackElo "2465"]
[WhiteFideId "24120030"]
[BlackFideId "6305962"]
[EventDate "2015.01.31"]

1. d4 g6 2. c4 Bg7 3. e4 d6 4. Nc3 Nf6 5. f3 O-O 6. Be3 c5 7. Nge2 Nc6 8. d5 Ne5
9. Ng3 e6 10. Be2 exd5 11. cxd5 a6 12. a4 h5 13. O-O Nh7 14. Qd2 h4 15. Nh1 f5
16. Nf2 Bd7 17. f4 Nf7 18. exf5 Bxf5 19. g4 hxg3 20. hxg3 Nh6 21. g4 Bd7 22. f5
Qh4 23. Kg2 Be5 24. Rh1 Qg3+ 25. Kf1 Nxf5 26. gxf5 Bxf5 27. Ncd1 Bh3+ 28. Ke1
Bg2 29. Rg1 Qh2 30. Rxg2 Qxg2 31. Qd3 Rae8 32. Ng4 Kh8 33. Kd2 Nf6 34. Ndf2 Nxg4
35. Nxg4 Bf4 36. Ra3 Re4 37. Kc1 Rd4 38. Qxg6 Qxe2 39. Kb1 Rb4 40. Bd4+ 1-0

[Event "Moscow Open A 2015"]
[Site "Moscow RUS"]
[Date "2015.02.02"]
[Round "3.39"]
[White "Lomasov, Semen"]
[Black "Krapivin, Alexander"]
[Result "1-0"]
[WhiteTitle "FM"]
[BlackTitle "GM"]
[WhiteElo "2305"]
[BlackElo "2443"]
[WhiteFideId "24164879"]
[BlackFideId "4154720"]
[EventDate "2015.01.31"]

1. e4 g6 2. d4 Bg7 3. Nc3 c6 4. Nf3 d5 5. h3 dxe4 6. Nxe4 Nf6 7. Nxf6+ exf6 8.
Bd3 O-O 9. O-O Be6 10. Be3 Nd7 11. c4 Nb6 12. b3 Qd7 13. a4 Rad8 14. a5 Nc8 15.
Qd2 a6 16. Bh6 Nd6 17. Bxg7 Kxg7 18. Rfe1 Bf5 19. Rad1 Rfe8 20. Rxe8 Rxe8 21.
Bxf5 Qxf5 22. d5 c5 23. Re1 Rxe1+ 24. Qxe1 Qd3 25. Qe3 Qxe3 26. fxe3 Kf8 27. Kf2
Ke7 28. Ke2 f5 29. Kd3 f6 30. Nd2 h5 31. e4 f4 32. e5 fxe5 33. Ne4 Nf5 34. Nxc5
Nh4 35. Ke4 Nxg2 36. Nxb7 g5 37. c5 f3 38. Kxf3 Nf4 39. Ke4 g4 40. hxg4 h4 41.
Nd6 h3 42. Kxe5 Nd3+ 43. Kd4 Nc1 44. Ke4 h2 45. Nf5+ Kf6 46. Ng3 Ne2 47. Nh1 Ke7
48. d6+ Kd7 49. Ke5 1-0

[Event "Moscow Open A 2015"]
[Site "Moscow RUS"]
[Date "2015.02.02"]
[Round "3.40"]
[White "Konovalov, Nikolay"]
[Black "Smirnov, Timofey"]
[Result "1/2-1/2"]
[WhiteTitle "IM"]
[WhiteElo "2442"]
[BlackElo "2358"]
[WhiteFideId "4170962"]
[BlackFideId "24176427"]
[EventDate "2015.01.31"]

1. d4 Nf6 2. Nf3 e6 3. e3 b6 4. Bd3 Bb7 5. O-O Be7 6. b3 O-O 7. Bb2 c5 8. Nbd2
cxd4 9. exd4 d6 10. c4 Nbd7 11. Re1 Re8 12. b4 Qc7 13. Nb3 Rac8 14. a4 Ba6 15.
Rc1 Qb8 16. a5 Rc7 17. axb6 axb6 18. Bf1 Rec8 19. d5 e5 20. Nbd4 exd4 21. Rxe7
Bxc4 22. Bxc4 Rxc4 23. Rxc4 Rxc4 24. Nxd4 Qf8 25. Qe2 Rc8 26. Nf5 Re8 27. Qe3
Rxe7 28. Nxe7+ Kh8 29. Nf5 Qe8 30. Qxe8+ Nxe8 31. Ne7 Nc7 32. Kf1 b5 33. Bd4 Na6
34. Nc6 Nc7 35. Ne7 Na6 36. Bc3 Nb6 37. Nf5 f6 38. Nxd6 Nxd5 39. Nxb5 Nxc3 40.
Nxc3 Nxb4 41. Ke2 1/2-1/2